Γκόγια
Αποθηκεύτηκε σε:
| Κύριος συγγραφέας: | |
|---|---|
| Άλλοι συγγραφείς: | |
| Μορφή: | Βιβλίο |
| Γλώσσα: | Greek English |
| Δημοσίευση: |
Αθήνα :
Καστανιώτης,
2000.
|
| Σειρά: | Τέχνη και ιδέες (Καστανιώτης)
|
| Θέματα: | |
| Ετικέτες: |
Προσθήκη ετικέτας
Δεν υπάρχουν, Καταχωρήστε ετικέτα πρώτοι!
|
MARC
| LEADER | 00000cam a2200000 i 4500 | ||
|---|---|---|---|
| 001 | 1/35158 | ||
| 008 | 030408s2000 gr | ||| |||| ||gre|| | ||
| 020 | |a 9600329729 | ||
| 035 | |l 10069831 | ||
| 040 | |a GR-MyUa |b gre |e AACR2 | ||
| 041 | 1 | |a gre |h eng | |
| 082 | 7 | |a 700.92 |2 (21) | |
| 100 | 1 | |a Symmons, Sarah. | |
| 245 | 1 | 0 | |a Γκόγια / |c Σάρα Σίμονς ; μετάφραση: Πηνελόπη Σταφυλά. |
| 260 | |a Αθήνα : |b Καστανιώτης, |c 2000. | ||
| 300 | |a 351 σ. : |b εγχρ. εικ. ; |c 22 εκ. | ||
| 490 | 1 | |a (Τέχνη και ιδέες / Καστανιώτης) | |
| 500 | |a Τίτλος πρωτοτύπου: Goya. | ||
| 504 | |a Βιβλιογραφία: σ.344-345. Ευρετήριο. | ||
| 600 | 1 | 0 | |a Goya, Francisco, |d 1746-1828 |x Catalogs. |
| 700 | 1 | |a Σταφυλά, Πηνελόπη, |e trlf | |
| 830 | 0 | |a Τέχνη και ιδέες (Καστανιώτης) | |
| 852 | |a INST |b SYROS |e 20030408 |h 700.92 GOY |p 005500002492 |q 005500002492 |t BK |y 0 | ||
| 901 | |a BIBL5-2003-1 | ||
| 970 | |a Καγιαβά |b Ειρήνη |z 08/04/2003 | ||